Criminalística general: para fiscales y defensores

Đã lưu trong:
Chi tiết về thư mục
Tác giả chính: Artigas Villarroel, Ernesto (Tác giả)
Định dạng: Sách
Ngôn ngữ:Tiếng Tây Ban Nha
Được phát hành: Santiago Legal Publishing 2008
Phiên bản:1a. ed
Những chủ đề:
Các nhãn: Thêm thẻ
Không có thẻ, Là người đầu tiên thẻ bản ghi này!

MARC

LEADER 00000nam a2200000 a 4500
001 UCI9525
003 CL-VaPUC
008 081120e20080000CL |||||||||||||||||spa|d
020 |a 9789562387897 
082 0 4 |a 363.25  |b ART  |2 21 
100 0 |a Artigas Villarroel, Ernesto  |e author  |9 533340 
245 1 0 |a Criminalística general: para fiscales y defensores 
250 |a 1a. ed 
300 |a 247 p 
942 |c BK 
945 |d 20081120 00:00:00  |a jtorresc 
260 |a Santiago  |b Legal Publishing  |c 2008 
650 0 |a Criminología  |9 256168 
650 7 |a DERECHO PENAL  |2 CL-VaPUC  |9 11 
650 0 |a Investigación criminal   |9 265346 
650 0 |a Medicina forense  |9 401322 
583 |a last modification  |c 20081120 00:00:00  |k Rodrigo Vera 
999 |c 332049  |d 332047 
952 |0 0  |1 0  |4 0  |6 363_250000000000000_ART_2008  |7 0  |8 A  |9 419408  |a BIBDER  |b BIBDER  |d 2019-11-22  |i 4498879  |l 2  |o 363.25 ART 2008  |p 4498879  |r 2024-04-09  |s 2024-04-03  |w 2019-11-22  |y BK  |k DER